| 000 | 01201aam a2200289 i 4500 | ||
|---|---|---|---|
| 999 |
_c34200 _d34200 |
||
| 001 | 768714001 | ||
| 003 | CO-MdFUSB | ||
| 005 | 20190202100237.0 | ||
| 008 | 170710s1976 enk||||| |||| 00| 0 eng d | ||
| 020 | _a0-85151-582-7 | ||
| 040 |
_aCO-MdFUSB _bspa _cCO-MdFUSB _dCO-MdFUSBC _erda |
||
| 041 | 0 | _aeng | |
| 082 | 0 | 4 |
_a230 _222 _bH6881e |
| 100 | 1 |
_aHodge, A. A. (Archibald Alexander) (1823-1886) _eautor |
|
| 245 | 1 | 0 |
_aEvangelical theology _b: A course of popular lectures _c/ A. A. Hodge |
| 250 | _asegunda edición | ||
| 264 | 1 |
_aCarlisle, PA. USA : _bThe Banner of Truth Trust, _c[1976] |
|
| 300 |
_axli, 402 Páginas _c: 22 cm. |
||
| 336 |
_2rdacontent _atexto _btxt |
||
| 337 |
_2rdamedia _asin mediación _bn |
||
| 338 |
_2rdacarrier _avolumen _bnc |
||
| 505 | _aDios - Su naturaleza y relación con el universo -- Las Escrituras y la doctrina de la divina providencia -- El espíritu de las Escrituras, el Canon e inspiración -- Predestinación -- La trinidad: la deidad -- El estado original del hombre -- La persona de Cristo -- El reinado de Cristo -- Los sacramentos | ||
| 563 | _aPasta dura | ||
| 650 | 7 |
_aTeología doctrinal _2 _9179 |
|
| 942 | _cBK | ||